Normal view
MARC view
- Digweed John
Entry Personal Name
001 - CONTROL NUMBER
- control field: 32096
003 - CONTROL NUMBER IDENTIFIER
- control field: IT-RoPau
005 - DATE AND TIME OF LATEST TRANSACTION
- control field: 20140626165922.0
008 - FIXED-LENGTH DATA ELEMENTS
- fixed length control field: 140626|| aca||aabn | a|a d
040 ## - CATALOGING SOURCE
- Original cataloging agency: IT-RoPau
- Transcribing agency: IT-RoPau
100 ## - HEADING--PERSONAL NAME
- Personal name: Digweed John
- Dates associated with a name: Codice autore testo/musica SPICS: 49889
- Relator term: Autore testo(musica
- Name of part/section of a work: For What You Dream of (Full On Reinassance Mix)
670 ## - SOURCE DATA FOUND
- Source citation: Work cat.: (IT-RoPau)99204: AA.VV. 794, Trainspotting